000 00372ntaaa2200157 4500
003 01
005 20251027201605.0
008 0714s1973 ag 01
040 _aAR-BaBN
_bspa
_cAR-BaBN
_eaacr
_dRIC
082 _a230.0000 S534
100 _aShaw, A. R.
_914515
245 _aTheology for the People
250 _a1 ed. :
_bs.l.,
_cc1902
650 _aTeologĂ­a
942 _cBK
999 _c10487
_d10487